El asombro de Xerez, Juana la Rabicortona. (Record no. 170681)

MARC details
000 -LEADER
campo de control de longitud fija 00916nam a2200205 i 4500
001 - NÚMERO DE CONTROL
campo de control 170681
003 - IDENTIFICADOR DE NÚMERO DE CONTROL
campo de control ES-MaACL
005 - FECHA Y HORA DE LA ÚLTIMA TRANSACCIÓN
campo de control 20230906214431.0
008 - DATOS DE LONGITUD FIJA--INFORMACIÓN GENERAL
campo de control de longitud fija 090330s1769 sp |||| | spa d
080 ## - NÚMERO DE LA CLASIFICACIÓN DECIMAL UNIVERSAL
Número de la Clasificación Decimal Universal 821.134.2-2"17"
100 1# - ENTRADA PRINCIPAL--NOMBRE DE PERSONA
Nombre de persona Fernández, Antonio Pablo.
9 (RLIN) 139693
245 13 - MENCIÓN DEL TÍTULO
Título El asombro de Xerez, Juana la Rabicortona.
Número de parte o sección de la obra Primera parte /
Mención de responsabilidad, etc. de un ingenio [Antonio Pablo Fernández].
260 ## - PUBLICACIÓN, DISTRIBUCIÓN, ETC.
Lugar de publicación, distribución, etc. Valencia :
Nombre del editor, distribuidor, etc. [s.n.],
Fecha de publicación, distribución, etc. 1769 (
Fabricante En la Imprenta de la Viuda de Joseph de Orga)
300 ## - DESCRIPCIÓN FÍSICA
Extensión 32 p. ;
Dimensiones 20 cm.
594 ## - Nota al título y mención de responsabilidad
Nota al título y mención de responsabilidad Precede al tít., en el ángulo izquierdo nº 153.
596 ## - NOTA AL PIE DE IMPRENTA
NOTA AL PIE DE IMPRENTA Datos de imprenta tomados del colofón.
597 ## - NOTA DE DESCRIPCIÓN FÍSICA
NOTA DE DESCRIPCIÓN FÍSICA Texto a dos columnas, signaturas tipográficas.
597 ## - NOTA DE DESCRIPCIÓN FÍSICA
NOTA DE DESCRIPCIÓN FÍSICA Sig.: A-D4.
852 ## - LOCALIZACIÓN
Ubicación ES-MaACL
Número de control de estantería F-8549(6)
Nota libre .- Enc. pasta española
condición física .- Falto de la cub. original
Nota libre .- Enc. en un vol. facticio, formando parte de la col. facticia "Teatro español moderno", vol. 1
Holdings
Estatus retirado Estado de pérdida Estado de daño No para préstamo Colección Biblioteca de origen Biblioteca actual Ubicación en estantería Fecha de adquisición Fuente de adquisición Total de préstamos Signatura topográfica completa Código de barras Visto por última vez Precio de reemplazo Tipo de ítem Koha
        Libros del s. XVIII Biblioteca del Ateneo de Madrid Biblioteca del Ateneo de Madrid Sala Pecera Planta 2 30/03/2009     F-8549(6) 1179121 23/02/2023 23/02/2023 Libro impreso antiguo